| 000 | 00597nam a2200241 a 4500 | ||
|---|---|---|---|
| 001 | nice12345678 | ||
| 003 | IN_TiNIC | ||
| 005 | 20260116011501.0 | ||
| 008 | 050524s1946 alia grp 000 0 eng | ||
| 020 |
_a _c3 |
||
| 082 | 0 | 0 |
_a181.07 _bUMA1 |
| 100 | _aUmaruddin, M | ||
| 245 | _aSome Fundamental Aspects of Imam Ghazzali`s Thought | ||
| 260 |
_aAligarh _bIrshad Book Depot _c1946 |
||
| 300 | _a193p | ||
| 500 | _aincludes index and biblioraphy | ||
| 505 | 2 | _aAppendix | |
| 650 | _aPhilosophy-Islamic | ||
| 700 | 1 | _aUmaruddin, M | |
| 902 | _bSRS | ||
| 942 | _cBK | ||
| 999 |
_c1939 _d1939 |
||